Datum a čas kvízu

34.5 Celkem bodů Celkový počet nahraných bodů na tomto kvízu bez doplňovacích otázek.
8. Pořadí na kvízu Konečné umístění týmu na tomto kvízu.

Zaznamenané odpovědi

# Otázka Odpověď Body Výsledky
1. Koncept finále bude stejný jak... Azrael 1
2. Téma: Moderní seriály. Ve kter... ve Švédsku 1
3. V tématu o britském humoru sam... (Monty Python) a Svatý Grál, Život Briana 1
4. Téma: Vladimír Menšík. Z první... Bohouš 1
5. Jedním z jarních filmových tém... francouzské 0
6. Jedno ze sportovních témat se... Stade de France 1
7. Téma: Basketbal. Které dva tým... Dallas Mavericks, Boston Celtics 0.5
8. Téma: Olympijské rekordy. Nejd... kvůli větru 1
9. Věříme, že se nebudete zlobit,... Švýcarsko 0
10. Téma: Nejlepší evropské fotbal... 1D 2B 3C 4A 1